00940nam a22002657a 45000010005000000030006000050050017000110080041000280200018000690400029000870500012001160820015001281000037001432450081001802500027002612600035002883000045003235050007003685200183003755210019005585210018005776500025005956500019006207000035006395356FISKH20241128081141.0241128b cb ||||| |||| 00| 0 eng d a9780590421416 aFISKHbengcFISKHdFISKH aPZ8.L73 a398.210947 aLittledale, Freyad(1929–1992) aThe snow child /cRetold by Freya Littledale Illustrated by Barbara Lavallee aFirst printing in 1989 aNew York :bScholastic,c1989. a26 pages :bColor illustrations ;c21 cm aG  aAn elderly couple who long for a child build a snow child which comes to life and makes them very happy--until the coming of spring when the days become too warm for her to stay.8 a370L bLexile 8 aG bRaz-Plus  2RussiaaPicture book 2FolktaleaSnow aLavallee, BarbaradIllustrator